B.Sc.third year semester-v&vi Botany/ (Record no. 172730)

MARC details
000 -LEADER
fixed length control field 00652nam a22002417a 4500
005 - DATE AND TIME OF LATEST TRANSACTION
control field 20200212112158.0
010 ## - LCCN (DPL NO)
LC control number ENG-127810
020 ## - INTERNATIONAL STANDARD BOOK NUMBER
Terms of availability 240.00
International Standard Book Number 9788181805089
035 ## - SYSTEM CONTROL NUMBER
System control number EN-111342
037 ## - SOURCE OF ACQUISITION
Source of stock number/acquisition DBAD/PUB
082 ## - DEWEY DECIMAL CLASSIFICATION NUMBER
Classification number 580
100 ## - MAIN ENTRY--PERSONAL NAME
Personal name Christopher,T
245 ## - TITLE STATEMENT
Title B.Sc.third year semester-v&vi Botany/
Statement of responsibility, etc by T.Christopher...[et al]
250 ## - EDITION STATEMENT
Edition statement 1st ed.
260 ## - PUBLICATION, DISTRIBUTION, ETC. (IMPRINT)
Place of publication, distribution, etc Hyderabad
Name of publisher, distributor, etc Telugu Akademi
Date of publication, distribution, etc 2018
270 ## - ADDRESS
City Hyderabad
Postal code 500029
300 ## - PHYSICAL DESCRIPTION
Extent 616p
Dimensions 24cm(pbk)
700 ## - ADDED ENTRY--PERSONAL NAME
Personal name Reddy,V.Krishna
700 ## - ADDED ENTRY--PERSONAL NAME
Personal name Mohammed Mustafa
700 ## - ADDED ENTRY--PERSONAL NAME
Personal name Reddy,B.Vijayapal
700 ## - ADDED ENTRY--PERSONAL NAME
Personal name E.Sujatha
942 ## - ADDED ENTRY ELEMENTS (KOHA)
Source of classification or shelving scheme Dewey Decimal Classification
Item type English Books
Call number suffix CHR
Classification part 580
Holdings
Withdrawn status Lost status Not for loan Collection code Home library Current library Date acquired Source of acquisition Cost, normal purchase price Full call number Barcode Copy number Cost, replacement price Koha item type
      Non-fiction Ashok Vihar Ashok Vihar 12/02/2020 DBAD/PUB 240.00 580 BOT EN-111342 1 240.00 English Books

© Delhi Public Library
Hit Counter
free hit counter